Quick Pick: Classic '70s Songs Quiz Stats

Quiz Updated Apr 25, 2016

Challenge
Share
Tweet
Embed
Score 0/20 Timer 01:30
3 Plays Today
% Correct
ABBA
91.1%
John Lennon
91.1%
Gloria Gaynor
90.4%
Carly Simon
86.1%
Marvin Gaye
85.9%
AC|DC
84.7%
Fleetwood Mac
82.6%
The Rolling Stones
80.9%
Dolly Parton
79.9%
Blondie
78.5%
% Correct
Roberta Flack
78.5%
Bee Gees
78.1%
Bob Marley & The Wailers
77.3%
Chic
75.9%
David Bowie
72.9%
George Harrison
72.3%
Lou Reed
65.9%
Bob Dylan
59.5%
Kate Bush
57.9%
The Pretenders
55.1%

Today's Daily Dose

Missing Word
For Dummies Books

Word Ladder
Ariana Grande

Quick Pick
1970s Authors

On This Day
June 21st II

You're not logged in!

Compare scores with friends on all Sporcle quizzes.
Join for Free
OR
Log In

You Might Also Like...

Show Comments

Extras

Top Quizzes Today


Score Distribution

Your Account Isn't Verified!

In order to create a playlist on Sporcle, you need to verify the email address you used during registration. Go to your Sporcle Settings to finish the process.

Report this User

Report this user for behavior that violates our Community Guidelines.

Details: